| 000 | 03607cam a22012374i 4500 | ||
|---|---|---|---|
| 003 | PE-LiUPU | ||
| 005 | 20250813185414.0 | ||
| 008 | 180118s2010 ck a rb 000 0 spa d | ||
| 020 |
_a9789587105728 _q (Tomo IV) |
||
| 035 | _a(Sirsi) a241064 | ||
| 040 |
_aPE-LiUPU _bspa _cPE-LiUPU _erda |
||
| 049 | _aPRUA | ||
| 082 | 0 | 4 |
_a344.046 _bD5 _221 |
| 245 | 0 | 0 |
_aDerecho de aguas / _cMaría del Pilar García. |
| 264 | 1 |
_aBogotá : _bUniversidad Externado de Colombia, _c2010. |
|
| 300 |
_a1 Volumen : _bilustraciones ; _c25 centímetros |
||
| 336 |
_atext _2rdacontent |
||
| 337 |
_aunmediated _2rdamedia |
||
| 338 |
_avolume _2rdacarrier |
||
| 504 | _aBibliografía la final de cada capítulo. | ||
| 505 | 0 | _aLos novedosos principios del derecho moderno del agua -- La calidad de las aguas desde la aplicación del principio de precaución -- La irrupción del cambio climático en el derecgo euroepo de aguas -- Técnicas de protección de las aguas minerales y termales en el derecho español -- Los cursos de agua internacionales en la jurisprudencia de la corte internacional de justicia -- El régimen jurídico de las aguas internacionales. El statu quo de la convención de Nueva York de 1997 -- El derecho humano al agua -- Participación ciudadana en la gestión integral del agua. | |
| 526 | _aP202 | ||
| 526 | _aP201 | ||
| 526 | _aP163 | ||
| 526 | _aP162 | ||
| 526 | _aP161 | ||
| 526 | _aP160 | ||
| 526 | _aP148 | ||
| 526 | _aP147 | ||
| 526 | _aP146 | ||
| 526 | _aP145 | ||
| 526 | _aP144 | ||
| 526 | _aP143 | ||
| 526 | _aP142 | ||
| 526 | _aP141 | ||
| 526 | _aP140 | ||
| 526 | _aP139 | ||
| 526 | _aP138 | ||
| 526 | _aP137 | ||
| 526 | _aP136 | ||
| 526 | _aP135 | ||
| 526 | _aP134 | ||
| 526 | _aP133 | ||
| 526 | _aP129 | ||
| 526 | _aP128 | ||
| 526 | _aP127 | ||
| 526 | _aP120 | ||
| 526 | _aP119 | ||
| 526 | _aP118 | ||
| 526 | _aP116 | ||
| 526 | _aP115 | ||
| 526 | _aP114 | ||
| 526 | _aP110 | ||
| 526 | _aP109 | ||
| 526 | _aP108 | ||
| 526 | _aP104 | ||
| 526 | _aP103 | ||
| 526 | _aP102 | ||
| 526 | _aP99 | ||
| 526 | _aP98 | ||
| 526 | _aP97 | ||
| 526 | _aP96 | ||
| 526 | _aP95 | ||
| 526 | _aP93 | ||
| 526 | _aP90 | ||
| 526 | _aP89 | ||
| 526 | _aP88 | ||
| 526 | _aP83 | ||
| 526 | _aP82 | ||
| 526 | _aP62 | ||
| 526 | _aP59 | ||
| 526 | _aP58 | ||
| 526 | _aP57 | ||
| 526 | _aP51 | ||
| 526 | _aP49 | ||
| 526 | _aP48 | ||
| 526 | _aP47 | ||
| 526 | _aP29 | ||
| 526 | _aP24 | ||
| 526 | _aP20 | ||
| 526 | _aP19 | ||
| 526 | _aP17 | ||
| 526 | _aP15 | ||
| 526 | _aP14 | ||
| 526 | _aP12 | ||
| 526 | _aP10 | ||
| 526 | _aP09 | ||
| 526 | _aP08 | ||
| 526 | _aP07 | ||
| 526 | _aP06 | ||
| 526 | _aP05 | ||
| 526 | _aP04 | ||
| 526 | _aP01 | ||
| 541 | _g001-0042329; | ||
| 650 | 0 | 4 | _aDerecho de aguas. |
| 650 | 0 | 4 | _aRecursos hidrológicos. |
| 650 | 0 | 4 | _aRight of waters. |
| 650 | 0 | 4 | _aHydrological resources. |
| 700 | 1 |
_aGarcía del Pilar María, _edirectora. |
|
| 910 |
_adbm _bncf _cncf _d20180118 |
||
| 942 |
_2ddc _cBOOK |
||
| 994 |
_aC0 _bPEPRU |
||
| 596 | _a1 | ||
| 999 |
_a344.046 D5 _wDEWEY _c26707 _i78031 _f2021-11-9 _g3 _lCCODEBUL1 _mBUL _p27.11 _r0 _sY _tBOOK _u2018-1-18 _xINGENIERIA _PP24 _0COMPRA _o.STAFF. Colección Ingeniería y Arquitectura _d26707 |
||
| 999 |
_a344.046 D5 _wDEWEY _c2 _i78032 _d2019-8-12 _e2019-8-12 _f2021-11-9 _g4 _lCCODEBUL1 _mBUL _n1 _p27.11 _q3 _r0 _sY _tBOOK _u2018-1-18 _xINGENIERIA _PP24 _0COMPRA _o.STAFF. Colección Ingeniería y Arquitectura |
||
| 980 |
_81 _gALBERTO SANCHEZ Responsable de Automatización |
||